000 00331nam a2200121Ia 4500
008 220216s9999 xx 000 0 und d
100 _aJoseph P.J.
245 4 _aThe genesis of rubber plantation industry in India
260 _bRubber Board Bulletin
_c1986
300 _a21-23
650 _aRubber plantation industry
942 _cBS
999 _c51149
_d51149